| 000 | 00509nam a2200169Ia 4500 | ||
|---|---|---|---|
| 003 | GCL | ||
| 005 | 20240530103116.0 | ||
| 008 | 140319s9999 xx 000 0 ara d | ||
| 040 |
_aGCL / _cGCL |
||
| 082 | 0 | 4 |
_a410 _bر ت |
| 100 | 1 | _aرمضان عبدالتواب | |
| 245 | 1 | 0 |
_aالتطور اللغوى : مظاهره وعلله وقوانينه / _cرمضان عبدالتواب |
| 260 |
_a[S.N] : _bمكتبة الخانجى ، _c1995 |
||
| 300 | _a231 ص | ||
| 650 | 0 | 4 | _aالعلم |
| 942 |
_2ddc _cBK |
||
| 999 |
_c36892 _d36892 |
||